{"text_format":"3","workbook":"xlsx","n_sheets":7,"sheets":["表-04 单位工程预算价汇总表","表-08 分部分项工程和单价措施项目清单与计价表(含分部小计)","表-09 分部分项工程量清单综合单价分析表","表-11 总价措施项目清单与计价表","表-12 其他项目清单与计价汇总表","表-13 规费、税金项目清单与计价表","单位工程人材机汇总表"],"read":"whole","date_system":"1900"}

{"sheet":"表-04 单位工程预算价汇总表","index":0,"n_rows":38,"n_cols":6,"rows_kept":38,"merged":[[0,0,0,5],[1,0,1,2],[1,4,1,5],[2,2,2,4],[3,2,3,4],[4,2,4,4],[5,2,5,4],[6,2,6,4],[7,2,7,4],[8,2,8,4],[9,2,9,4],[10,2,10,4],[11,2,11,4],[12,2,12,4],[13,2,13,4],[14,2,14,4],[15,2,15,4],[16,2,16,4],[17,2,17,4],[18,2,18,4],[19,2,19,4],[20,2,20,4],[21,2,21,4],[22,2,22,4],[23,2,23,4],[24,2,24,4],[25,2,25,4],[26,2,26,4],[27,2,27,4],[28,2,28,4],[29,2,29,4],[30,2,30,4],[31,2,31,4],[32,2,32,4],[33,2,33,4],[34,2,34,4],[35,2,35,4],[36,0,36,1],[36,2,36,4],[37,0,37,2],[37,4,37,5]]}
["单位工程汇总表"]
["工程名称：板桥公园、廖地公园建设工程--绿化工程",null,null,"标段：","第 1 页  共 1 页"]
["序号","汇总内容","金额:(元)",null,null,"其中：暂估价(元)"]
["1","分部分项合计",8199.17]
["2","措施合计",192.57]
["2.1","绿色施工安全防护措施费",192.57]
["2.2","其他措施费"]
["3","其他项目",115.54,null,null,"－"]
["3.1","暂列金额"]
["3.2","暂估价"]
["3.3","计日工"]
["3.4","总承包服务费"]
["3.5","预算包干费",115.54]
["3.6","工程优质费"]
["3.7","概算幅度差"]
["3.8","索赔费用"]
["3.9","现场签证费用"]
["3.10","其他费用"]
["4","税前工程造价",8507.28]
["5","增值税销项税额",765.66,null,null,"－"]
["6","总造价",9272.94]
["7","人工费",1465.33]
{"$rows_empty":14}
["预算价合计=1+2+3+5",null,"9,272.94",null,null,"0.00"]
[{"$nulls":4},"表—04"]

{"sheet":"表-08 分部分项工程和单价措施项目清单与计价表(含分部小计)","index":1,"n_rows":36,"n_cols":11,"rows_kept":36,"merged":[[0,0,0,10],[1,0,1,3],[1,4,1,7],[1,8,1,10],[2,0,3,0],[2,1,3,1],[2,2,3,2],[2,3,3,4],[2,5,3,5],[2,6,3,6],[2,7,2,10],[3,7,3,8],[3,9,3,9],[4,3,4,4],[4,7,4,8],[5,3,5,4],[5,7,5,8],[6,3,6,4],[6,7,6,8],[7,3,7,4],[7,7,7,8],[8,3,8,4],[8,7,8,8],[9,3,9,4],[9,7,9,8],[10,3,10,4],[10,7,10,8],[11,3,11,4],[11,7,11,8],[12,3,12,4],[12,7,12,8],[13,3,13,4],[13,7,13,8],[14,3,14,4],[14,7,14,8],[15,3,15,4],[15,7,15,8],[16,3,16,4],[16,7,16,8],[17,3,17,4],[17,7,17,8],[18,3,18,4],[18,7,18,8],[19,3,19,4],[19,7,19,8],[20,3,20,4],[20,7,20,8],[21,3,21,4],[21,7,21,8],[22,3,22,4],[22,7,22,8],[23,3,23,4],[23,7,23,8],[24,3,24,4],[24,7,24,8],[25,3,25,4],[25,7,25,8],[26,3,26,4],[26,7,26,8],[27,3,27,4],[27,7,27,8],[28,3,28,4],[28,7,28,8],[29,3,29,4],[29,7,29,8],[30,3,30,4],[30,7,30,8],[31,3,31,4],[31,7,31,8],[32,0,32,8],[33,0,33,8],[34,0,34,10],[35,0,35,3],[35,4,35,7],[35,8,35,10]]}
["分部分项工程和单价措施项目清单与计价表"]
["工程名称：板桥公园、廖地公园建设工程--绿化工程",{"$nulls":3},"标段：",{"$nulls":3},"第 1 页  共 1 页"]
["序号","项目编码","项目名称","项目特征描述",null,"计量单位","工程量","金额（元）"]
[{"$nulls":7},"综合单价",null,"综合合价","其中：暂估价"]
[null,null,"整个项目"]
[1,"050102002001","栽植灌木","1.灌木种类:朱槿\n2.灌丛高:100cm \n3.养护期:12个月",null,"株","21",310.34,null,6517.14]
[2,"050102008001","栽植花卉","1.木本类:紫花翠芦莉\n2.养护期:12个月",null,"m2","14.62",115.05,null,1682.03]
[null,null,"分部分项合计",{"$nulls":6},8199.17]
[null,null,"措施项目"]
[null,null,"单价措施合计"]
{"$rows_empty":22}
["本页小计",{"$nulls":8},8199.17]
["合   计",{"$nulls":8},8199.17]
["注：为计取规费等的使用，可在表中增设其中：“定额人工费”。"]
[{"$nulls":8},"表—08"]

{"sheet":"表-09 分部分项工程量清单综合单价分析表","index":2,"n_rows":15,"n_cols":14,"rows_kept":15,"merged":[[0,0,0,13],[1,0,1,9],[1,10,1,13],[2,0,3,0],[2,1,3,1],[2,2,3,3],[2,4,3,4],[2,5,3,5],[2,6,2,12],[2,13,3,13],[3,9,3,10],[4,0,8,0],[4,2,4,3],[4,9,4,10],[4,13,4,13],[5,2,5,3],[5,9,5,10],[5,13,8,13],[6,2,6,3],[6,9,6,10],[7,2,7,3],[7,9,7,10],[8,2,8,3],[8,9,8,10],[9,2,9,3],[9,9,9,10],[10,0,14,0],[10,2,10,3],[10,9,10,10],[10,13,10,13],[11,2,11,3],[11,9,11,10],[11,13,14,13],[12,2,12,3],[12,9,12,10],[13,2,13,3],[13,9,13,10],[14,2,14,3],[14,9,14,10],[15,2,15,3],[15,9,15,10]]}
["分部分项工程量清单综合单价分析表"]
["工程名称：板桥公园、廖地公园建设工程--绿化工程",{"$nulls":9},"第 1 页 共 1 页"]
["序号","编码","名称",null,"单位","工程量 ","其中：（元）",{"$nulls":6},"综合单价\n（元）"]
[{"$nulls":6},"人工费","材料费","机械费","管理费",null,"利润","小计"]
[1,"050102002001","栽植灌木",null,"株",21,51.95,225.29,12.98,8.44,null,11.69,310.34]
[null,"E1-2-20","栽植灌木(冠径cm) 100以内",null,"100丛",0.21,31.36,220.28,1.36,4.25,null,5.89,263.13,310.34]
[null,"E1-3-14 *3","单株、单丛植物保养 灌木保养 机械灌溉 冠径(φcm) 120以内 \u007f3个月 单价*3",null,"100丛·月",0.21,10.29,2.5,5.81,2.09,null,2.9,23.6]
[null,"E1-3-14 *0.5,*3","单株、单丛植物保养 灌木保养 机械灌溉 冠径(φcm) 120以内 \u007f第4~6月 单价*0.5 \u007f3个月 单价*3",null,"100丛·月",0.21,5.15,1.25,2.91,1.05,null,1.45,11.8]
[null,"E1-3-14 *0.25,*6","单株、单丛植物保养 灌木保养 机械灌溉 冠径(φcm) 120以内 \u007f第7~12月 单价*0.25 \u007f6个月 单价*6",null,"100丛·月",0.21,5.15,1.25,2.91,1.05,null,1.45,11.8]
[]
[2,"050102008001","栽植花卉",null,"m2",14.62,25.61,64.68,12.85,5,null,6.92,115.05]
[null,"E1-2-66","露地花卉成片栽植 木本花卉(育苗袋φcm) 10以内",null,"100m2",0.1462,7.97,59.21,0.32,1.08,null,1.49,70.07,115.05]
[null,"E1-3-73 *3","片植木本花卉保养 机械灌溉 \u007f3个月 单价*3",null,"100m2·月",0.1462,8.82,2.73,6.26,1.96,null,2.72,22.49]
[null,"E1-3-73 *0.5,*3","片植木本花卉保养 机械灌溉 \u007f第4~6月 单价*0.5 \u007f3个月 单价*3",null,"100m2·月",0.1462,4.41,1.37,3.13,0.98,null,1.36,11.25]
[null,"E1-3-73 *0.25,*6","片植木本花卉保养 机械灌溉 \u007f第7~12月 单价*0.25 \u007f6个月 单价*6",null,"100m2·月",0.1462,4.41,1.37,3.13,0.98,null,1.36,11.25]

{"sheet":"表-11 总价措施项目清单与计价表","index":3,"n_rows":46,"n_cols":11,"rows_kept":46,"merged":[[0,0,0,10],[1,0,1,5],[1,6,1,7],[1,8,1,10],[2,5,2,6],[2,7,2,8],[3,5,3,6],[3,7,3,8],[4,5,4,6],[4,7,4,8],[5,5,5,6],[5,7,5,8],[6,5,6,6],[6,7,6,8],[7,5,7,6],[7,7,7,8],[8,5,8,6],[8,7,8,8],[9,0,9,5],[9,6,9,10],[10,0,10,10],[11,0,11,5],[11,6,11,7],[11,8,11,10],[12,0,12,10],[13,0,13,5],[13,6,13,7],[13,8,13,10],[14,5,14,6],[14,7,14,8],[15,5,15,6],[15,7,15,8],[16,5,16,6],[16,7,16,8],[17,5,17,6],[17,7,17,8],[18,5,18,6],[18,7,18,8],[19,5,19,6],[19,7,19,8],[20,5,20,6],[20,7,20,8],[21,5,21,6],[21,7,21,8],[22,5,22,6],[22,7,22,8],[23,5,23,6],[23,7,23,8],[24,5,24,6],[24,7,24,8],[25,5,25,6],[25,7,25,8],[26,5,26,6],[26,7,26,8],[27,5,27,6],[27,7,27,8],[28,5,28,6],[28,7,28,8],[29,5,29,6],[29,7,29,8],[30,5,30,6],[30,7,30,8],[31,5,31,6],[31,7,31,8],[32,5,32,6],[32,7,32,8],[33,5,33,6],[33,7,33,8],[34,5,34,6],[34,7,34,8],[35,5,35,6],[35,7,35,8],[36,5,36,6],[36,7,36,8],[37,5,37,6],[37,7,37,8],[38,5,38,6],[38,7,38,8],[39,5,39,6],[39,7,39,8],[40,5,40,6],[40,7,40,8],[41,5,41,6],[41,7,41,8],[42,0,42,4],[42,5,42,6],[42,7,42,8],[43,0,43,5],[43,6,43,10],[44,0,44,10],[45,0,45,5],[45,6,45,7],[45,8,45,10]]}
["总价措施项目清单与计价表"]
["工程名称：板桥公园、廖地公园建设工程--绿化工程",{"$nulls":5},"标段：",null,"第 1 页  共 2 页"]
["序号","项目编码","项目名称","计算基础","费率\n(%)","金额\n(元)",null,"调整\n费率(%)",null,"调整后\n金额(元)","备注"]
["1","LSSGCSF00001","绿色施工安全防护措施费","分部分项人工费+分部分项机具费","10",192.57,{"$nulls":4},"以分部分项的人工费与施工机具费之和为计算基础，按10%计算"]
["2","粤050405010001","文明工地增加费","分部分项人工费+分部分项机具费","0",{"$nulls":5},"以分部分项的人工费与施工机具费之和为计算基础；市级文明工地0.61%；省级文明工地1.20%"]
["3","050405002001","夜间施工增加费",null,"20",{"$nulls":5},"以夜间施工项目人工费的20%计算"]
["4","粤050405009001","赶工措施费","分部分项人工费+分部分项机具费","0",{"$nulls":5},"赶工措施费=（1-δ）*分部分项的（人工费+施工机具费）*0.58 （0.8≤δ＜1   式中：δ=合同工期/定额工期）"]
["5","050405006001","反季节栽植影响措施",{"$nulls":7},"按实际发生或经批准的施工方案计算"]
["6","QTFY0000000","其他费用",{"$nulls":7},"按经批准的专项施"]
["编制人（造价人员）：",{"$nulls":5},"复核人（造价工程师）："]
["注：1.“计算基础”中安全文明施工费可为“定额基价”、“定额人工费”或“定额人工费+定额机械费”，其他项目可为“定额人工费”或“定额人工费+定额机械费”。\n    2.按施工方案计算的措施费，若无“计算基础”和“费率”的数值，也可只填“金额”数值，但应在备注栏说明施工方案出处或计算方法。"]
[{"$nulls":8},"表-11"]
["总价措施项目清单与计价表"]
["工程名称：板桥公园、廖地公园建设工程--绿化工程",{"$nulls":5},"标段：",null,"第 2 页  共 2 页"]
["序号","项目编码","项目名称","计算基础","费率\n(%)","金额\n(元)",null,"调整\n费率(%)",null,"调整后\n金额(元)","备注"]
[null,"1",{"$nulls":8},"工组织方案计算"]
{"$rows_empty":26}
["合    计",{"$nulls":4},192.57]
["编制人（造价人员）：",{"$nulls":5},"复核人（造价工程师）："]
["注：1.“计算基础”中安全文明施工费可为“定额基价”、“定额人工费”或“定额人工费+定额机械费”，其他项目可为“定额人工费”或“定额人工费+定额机械费”。\n    2.按施工方案计算的措施费，若无“计算基础”和“费率”的数值，也可只填“金额”数值，但应在备注栏说明施工方案出处或计算方法。"]
[{"$nulls":8},"表-11"]

{"sheet":"表-12 其他项目清单与计价汇总表","index":4,"n_rows":38,"n_cols":7,"rows_kept":38,"merged":[[0,0,0,4],[0,5,0,7],[1,0,1,7],[2,0,2,2],[2,3,2,4],[2,5,2,7],[3,2,3,3],[3,4,3,5],[4,2,4,3],[4,4,4,5],[5,2,5,3],[5,4,5,5],[6,2,6,3],[6,4,6,5],[7,2,7,3],[7,4,7,5],[8,2,8,3],[8,4,8,5],[9,2,9,3],[9,4,9,5],[10,2,10,3],[10,4,10,5],[11,2,11,3],[11,4,11,5],[12,2,12,3],[12,4,12,5],[13,2,13,3],[13,4,13,5],[14,2,14,3],[14,4,14,5],[15,2,15,3],[15,4,15,5],[16,2,16,3],[16,4,16,5],[17,2,17,3],[17,4,17,5],[18,2,18,3],[18,4,18,5],[19,2,19,3],[19,4,19,5],[20,2,20,3],[20,4,20,5],[21,2,21,3],[21,4,21,5],[22,2,22,3],[22,4,22,5],[23,2,23,3],[23,4,23,5],[24,2,24,3],[24,4,24,5],[25,2,25,3],[25,4,25,5],[26,2,26,3],[26,4,26,5],[27,2,27,3],[27,4,27,5],[28,2,28,3],[28,4,28,5],[29,2,29,3],[29,4,29,5],[30,2,30,3],[30,4,30,5],[31,2,31,3],[31,4,31,5],[32,2,32,3],[32,4,32,5],[33,2,33,3],[33,4,33,5],[34,2,34,3],[34,4,34,5],[35,2,35,3],[35,4,35,5],[36,0,36,7],[37,0,37,2],[37,3,37,4],[37,5,37,7]]}
[]
["其他项目清单与计价汇总表"]
["工程名称：板桥公园、廖地公园建设工程--绿化工程",null,null,"标段：",null,"第 1 页  共 1 页"]
["序号","项目名称","金额（元）",null,"结算金额（元）",null,"备注"]
["1","暂列金额",{"$nulls":4},"明细详见表-12-1"]
["2","暂估价"]
["2.1","材料暂估价","—",{"$nulls":3},"明细详见表-12-2"]
["2.2","专业工程暂估价",{"$nulls":4},"明细详见表-12-3"]
["3","计日工",{"$nulls":4},"明细详见表-12-4"]
["4","总承包服务费",{"$nulls":4},"明细详见表-12-5"]
["5","预算包干费","115.54"]
["6","工程优质费"]
["7","概算幅度差"]
["8","现场签证费用"]
["9","索赔费用"]
["10","其他费用"]
{"$rows_empty":19}
[null,"合  计","115.54",{"$nulls":3},"—"]
["注：材料（工程设备）暂估单价进入清单项目综合单价，此处不汇总。"]
[{"$nulls":5},"表—12"]

{"sheet":"表-13 规费、税金项目清单与计价表","index":5,"n_rows":37,"n_cols":8,"rows_kept":37,"merged":[[0,0,0,7],[1,0,1,2],[1,3,1,5],[1,6,1,7],[2,2,2,3],[2,5,2,6],[3,2,3,3],[3,5,3,6],[4,2,4,3],[4,5,4,6],[5,2,5,3],[5,5,5,6],[6,2,6,3],[6,5,6,6],[7,2,7,3],[7,5,7,6],[8,2,8,3],[8,5,8,6],[9,2,9,3],[9,5,9,6],[10,2,10,3],[10,5,10,6],[11,2,11,3],[11,5,11,6],[12,2,12,3],[12,5,12,6],[13,2,13,3],[13,5,13,6],[14,2,14,3],[14,5,14,6],[15,2,15,3],[15,5,15,6],[16,2,16,3],[16,5,16,6],[17,2,17,3],[17,5,17,6],[18,2,18,3],[18,5,18,6],[19,2,19,3],[19,5,19,6],[20,2,20,3],[20,5,20,6],[21,2,21,3],[21,5,21,6],[22,2,22,3],[22,5,22,6],[23,2,23,3],[23,5,23,6],[24,2,24,3],[24,5,24,6],[25,2,25,3],[25,5,25,6],[26,2,26,3],[26,5,26,6],[27,2,27,3],[27,5,27,6],[28,2,28,3],[28,5,28,6],[29,2,29,3],[29,5,29,6],[30,2,30,3],[30,5,30,6],[31,2,31,3],[31,5,31,6],[32,2,32,3],[32,5,32,6],[33,2,33,3],[33,5,33,6],[34,0,34,6],[35,0,35,2],[35,3,35,7],[36,0,36,2],[36,3,36,5],[36,6,36,7]]}
["规费、税金项目清单与计价表"]
["工程名称：板桥公园、廖地公园建设工程--绿化工程",null,null,"标段：",null,null,"第 1 页  共 1 页"]
["序号","项目名称","计算基础",null,"取费基数","计算费率\n(%)",null,"金额(元)"]
["1","增值税销项税额","分部分项合计+措施合计+其他项目",null,8507.28,"9",null,765.66]
{"$rows_empty":30}
["合    计",{"$nulls":6},765.66]
[" 编制人（造价人员）：",null,null,"复核人（造价工程师）："]
[{"$nulls":6},"表—13"]

{"sheet":"单位工程人材机汇总表","index":6,"n_rows":37,"n_cols":9,"rows_kept":37,"merged":[[0,0,0,9],[1,0,1,5],[1,7,1,9],[2,5,2,7],[3,5,3,7],[4,5,4,7],[5,5,5,7],[6,5,6,7],[7,5,7,7],[8,5,8,7],[9,5,9,7],[10,5,10,7],[11,5,11,7],[12,5,12,7],[13,5,13,7],[14,5,14,7],[15,5,15,7],[16,5,16,7],[17,5,17,7],[18,5,18,7],[19,5,19,7],[20,5,20,7],[21,5,21,7],[22,5,22,7],[23,5,23,7],[24,5,24,7],[25,5,25,7],[26,5,26,7],[27,5,27,7],[28,5,28,7],[29,5,29,7],[30,5,30,7],[31,5,31,7],[32,5,32,7],[33,5,33,7],[34,5,34,7],[35,5,35,7],[36,5,36,7]]}
["单位工程人材机汇总表"]
["工程名称：板桥公园、廖地公园建设工程--绿化工程",{"$nulls":6},"第 1 页  共 1 页"]
["序号","编码","名称及规格","单位","数量","单价\n（元）",null,null,"合价\n（元）"]
[1,"00010010","人工费","元",1465.3252,1,null,null,1465.33]
[2,"RGFTZ","人工费调整","元",0.0042,1]
[3,"04090135","余土外运","m3",3.6368]
[4,"04090155","熟耕土(松方)","m3",2.6344,39.15,null,null,103.14]
[5,"32270001","杀虫剂","kg",0.2768,17.09,null,null,4.73]
[6,"32270010","无机肥(复合肥)","kg",9.426,2.97,null,null,28]
[7,"32270020","有机肥","t",0.1971,432,null,null,85.15]
[8,"34110010","水","m3",34.9214,4.58,null,null,159.94]
[9,"99450760","其他材料费","元",12.4075,1,null,null,12.41]
[10,"CLFTZ","材料费调整","元",0.0125,1,null,null,0.01]
[11,"32030030@1","朱槿","丛",21.84,205,null,null,4477.2]
[12,"32070130@1","紫花翠芦莉","株",383.775,2.1,null,null,805.93]
[13,"00010003","机上人工","工日",0.652,230,null,null,149.96]
[14,"99450630","折旧费","元",64.957,1,null,null,64.96]
[15,"99450640","检修费","元",10.4673,1,null,null,10.47]
[16,"99450650","维护费","元",45.1518,1,null,null,45.15]
[17,"99450670","汽油(机械用)国Ⅲ93#","kg",0.2895,6.01,null,null,1.74]
[18,"99450680","柴油(机械用)0#","kg",33.5596,5.61,null,null,188.27]
[19,"JXFTZ","机械费调整","元",0.0071,1,null,null,0.01]
{"$rows_empty":14}
[null,null,"合计",{"$nulls":5},7602.4]